[Event "Wichern op 5th"]
[White "Wecker, Martin"]
[Black "Malhas, Karim"]
[Site "Hamburg"]
[Round "4"]
[Result "1-0"]
[Date "1999.10.17"]
[WhiteElo "1973"]
[BlackElo "1526"]
[PlyCount "49"]
[EventDate "1999.10.15"]
[EventType "swiss"]
[EventRounds "9"]
[EventCountry "GER"]
[SourceTitle "EXT 2001"]
[Source "ChessBase"]
[SourceDate "2000.11.22"]
[SourceVersion "1"]
[SourceVersionDate "2000.11.22"]
[SourceQuality "1"]

1. e4 c5 2. Nf3 e6 3. c3 d5 4. exd5 Qxd5 5. d4 cxd4 6. cxd4 Nc6 7. Nc3 Bb4 8. Be2 Nge7 9. 0-0 Qd8 10. Bg5 0-0 11. Qb3 f6 12. Be3 Nd5 13. Rac1 Na5 14. Qc2 Bd7 15. a3 Nxc3 16. bxc3 Bxa3 17. Ra1 Be7 18. Qa2 b6 19. d5 Qc8 20. Nd4 Kf7 21. Bf3 Ke8 22. dxe6 Bc6 23. Bxc6+ Nxc6 24. Qd5 Nd8 25. Qb5+ 1-0

[Event "Wichern op 5th"]
[White "Malhas, Karim"]
[Black "Schreiter, Thomas"]
[Site "Hamburg"]
[Round "1"]
[Result "0-1"]
[Date "1999.10.15"]
[WhiteElo "1526"]
[BlackElo "2115"]
[PlyCount "62"]
[EventDate "1999.10.15"]
[EventType "swiss"]
[EventRounds "9"]
[EventCountry "GER"]
[SourceTitle "EXT 2001"]
[Source "ChessBase"]
[SourceDate "2000.11.22"]
[SourceVersion "1"]
[SourceVersionDate "2000.11.22"]
[SourceQuality "1"]

1. e4 d5 2. exd5 Qxd5 3. Nc3 Qd6 4. Nf3 Nf6 5. d4 a6 6. Bg5 Nbd7 7. Qd2 e6 8. 0-0-0 c5 9. dxc5 Qxd2+ 10. Rxd2 Bxc5 11. h3 b5 12. Bxf6 Nxf6 13. Ne5 Bb7 14. Rg1 Rc8 15. g4 Bb4 16. Rd3 Bxc3 17. bxc3 Bd5 18. Bg2 Bxg2 19. Rxg2 Nd5 20. Rg1 Nxc3 21. Kb2 Na4+ 22. Kb1 f6 23. Nf3 Ke7 24. Re1 Rhd8 25. Nd4 Nc5 26. Nf5+ Kf8 27. Rxd8+ Rxd8 28. Ng3 Rd4 29. c3 Rf4 30. Re2 e5 31. Nf5 Ne4 0-1